Belize: el despertar de una nación

সংরক্ষণ করুন:
গ্রন্থ-পঞ্জীর বিবরন
প্রধান লেখক: Paz Salinas, María Emilia
সংস্থা লেখক: UNAM. Instituto de Investigaciones Sociales
বিন্যাস: পাঠ‍্য
প্রকাশিত: México, D.F.: Siglo XXI
ট্যাগগুলো: ট্যাগ যুক্ত করুন
কোনো ট্যাগ নেই, প্রথমজন হিসাবে ট্যাগ করুন!

MARC

LEADER 00000 a a2200000 04500
001 22582
003
040 |a CRAI/IIS  |c CRAI/IIS 
020 |a 968-23-0563-2  
090 |a 154700  
100 |a Paz Salinas, María Emilia  
110 |a UNAM. Instituto de Investigaciones Sociales  
245 |a Belize: el despertar de una nación  
260 |a México, D.F.:   |b Siglo XXI  
300 |a 188 p   |b **no definido**  
999 |c 4001  |d 4001